Specification for rubber tubings for general purposes. (Revised). (Record no. 73889)

MARC details
000 -LEADER
fixed length control field 00301nam a2200109Ia 4500
245 #0 - TITLE STATEMENT
Title Specification for rubber tubings for general purposes. (Revised).
260 ## - PUBLICATION, DISTRIBUTION, ETC. (IMPRINT)
Year of publication 1965
500 ## - GENERAL NOTE
General note Standard number: IS 637
650 ## - SUBJECT ADDED ENTRY--TOPICAL TERM
Topical Term Rubber tubings
942 ## - ADDED ENTRY ELEMENTS (KOHA)
Koha item type Standards
Holdings
Withdrawn status Lost status Damaged status Not for loan Collection code Home library Current library Date acquired Koha item type
      Standards Indian standards RRII Library RRII Library 31/12/2021 Standards